000 00723nam a22002777a 4500
003 OSt
005 20230919141351.0
008 220119b |||||||| |||| 00| 0 eng d
020 _a8185874867
040 _cSTCPL
041 _aENG
082 _a599.168 095
_bDIN-T
100 _aCheruvat, Dinesan
100 _aRadhakrishnan, C.
100 _aAlfred, J.R.B.
245 _aThreatened mammals of Kerala /
_cby Dinesan Cheruvat, C. Radhakrishnan and J.R.B. Alfred
260 _aKolkota :
_bZoological Survey of India ,
_c2002 .
300 _a58 p.
_bPB
650 _aZoology
650 _aMammals
650 _aRare mammals
942 _cBK
942 _2ddc
942 _2ddc
_n0
942 _2ddc
_n0
999 _c75543
_d75543